000
00339nam a22001457a 4500
008
221207b ||||| |||| 00| 0 eng d
020
_a
9780321538123
041
_a
eng
080
_2
THIRD EDITION
_a
615.83
082
_a
615.83 POW
100
_a
16.2
101
_a
EGZ
245
_a
TOTAL FITNESS WELLNESS
_c
POWERS K S
942
_2
udc
_c
BK
999
_c
59128
_d
59128